00313nam a2200109Ia 4500082001700000100001500017245004500032260004200077300001000119650005300129650002100182 a153.94 DAN-; aDani, D.N. 0aScientific attitude and cognitive styles aNew DelhibNorthern Book Centrec1989 a134p. aCognitive science - Cognitive styles in children aChild psychology